• 首页
  • 本馆介绍
  • 公告通知
  • 最新文献
  • 馆藏检索
  • 电子资源
  • 读者导购
  • 参考咨询
  • 我的图书馆
  • 登录
  • 详细信息显示
  • 放入我的书架
  • 预约/预借图书
  • 作者相关作品
  • 分类相关作品
  • 丛书相关作品
  • 出版社相关作品

书目信息

  • 表格格式
  • 工作单格式
  • 卡片格式
题名:
舌战赛场
    
 
作者: 前卫 著
分册: 下  
出版信息: 北京   九州出版社  2018
页数: 184页
开本: 21cm
丛书名:
单 册:
中图分类: I253.4
科图分类:
主题词: 体育评论性新闻--Ti Yu Ping Lun Xing Xin Wen--作品集--中国--当代
电子资源:
ISBN: 978-7-5108-7620-2
000 01607nam0 2200253 45
001 012001007447
005 20191028170517.48
010    @a978-7-5108-7620-2@dCNY36.00
099    @aCAL 012019050470
100    @a20181228d2018 em y0chiy50 ea
101 0  @achi
102    @aCN@b110000
105    @ay z 000yy
106    @ar
200 1  @a舌战赛场@AShe Zhan Sai Chang@h下@f前卫著@FQian Wei Zhu@PQWZ
210    @a北京@c九州出版社@d2018
215    @a184页@d21cm
330    @a2018年, 北京奥运会成功举办十周年, 北京冬奥会筹备的冲刺之年。作为2008年新华社官网新华网奥运频道的创建人和担任主编的职务, 资深媒体人前卫有幸与北京奥运会“亲密接触”, 并以记者的身份, 开办了首次用传统评书曲艺播讲新闻的《奥运书场》、用别样观点阐述事实真相的《奥运解码》、以网民视角看残奥会的《网言无忌》等数个专栏, 浓缩了北京奥运会从筹备到举办, 从质疑到盛赞全过程中的风风雨雨。对于北京而言, 夏季奥运会的绚丽回忆, 自然是冬季奥运会的信心之源。10年过去了, 如何把北京奥运会的营养汲取到北京冬奥会的筹备之中 作为一名全程参与北京奥运会新闻报道的见证者, 资深媒体人前卫作为奥运会“第一线”的记者, 但那一年所记录的文字, 现在读来, 依然可以全景式地回顾那场盛会, 作为2022年冬奥会的前瞻和参照。奥运走了, 冬奥来了。与十年的北京奥运会相比, 传媒领域发生了深刻的变化。传统媒体的寒冬和自媒体的崛起形成鲜明的对比, 内容为王的口号和从业人数的减少造就无法调和的矛盾, 新技术的异彩纷呈和老传统的渐行渐远呈现出别样的态势。
333    @a大众读者
606 0  @a体育评论性新闻@ATi Yu Ping Lun Xing Xin Wen@x作品集@y中国@z当代
690    @aI253.4@v5
701  0 @a前卫@AQian Wei@4著
801  0 @aCN@b上海新华@c20191020
905    @b1176821-5@dI253.4@e1117:2@f5
    
    舌战赛场.下/前卫著.-北京:九州出版社,2018
    184页;21cm
    使用对象:大众读者
    
    ISBN 978-7-5108-7620-2:CNY36.00
    2018年, 北京奥运会成功举办十周年, 北京冬奥会筹备的冲刺之年。作为2008年新华社官网新华网奥运频道的创建人和担任主编的职务, 资深媒体人前卫有幸与北京奥运会“亲密接触”, 并以记者的身份, 开办了首次用传统评书曲艺播讲新闻的《奥运书场》、用别样观点阐述事实真相的《奥运解码》、以网民视角看残奥会的《网言无忌》等数个专栏, 浓缩了北京奥运会从筹备到举办, 从质疑到盛赞全过程中的风风雨雨。对于北京而言, 夏季奥运会的绚丽回忆, 自然是冬季奥运会的信心之源。10年过去了, 如何把北京奥运会的营养汲取到北京冬奥会的筹备之中 作为一名全程参与北京奥运会新闻报道的见证者, 资深媒体人前卫作为奥运会“第一线”的记者, 但那一年所记录的文字, 现在读来, 依然可以全景式地回顾那场盛会, 作为2022年冬奥会的前瞻和参照。奥运走了, 冬奥来了。与十年的北京奥运会相比, 传媒领域发生了深刻的变化。传统媒体的寒冬和自媒体的崛起形成鲜明的对比, 内容为王的口号和从业人数的减少造就无法调和的矛盾, 新技术的异彩纷呈和老传统的渐行渐远呈现出别样的态势。
●
相关链接 在E读中查询图书 在五车中查询图书 在当当中查询图书 在豆瓣中查询图书


正题名:舌战赛场     索取号:I253.4/1117:2         预约/预借

序号 登录号 条形码 馆藏地/架位号 状态 备注
1 1176821   211768210   第一样本阅览室/ [索取号:I253.4/1117:2] 在馆    
2 1176822   211768229   第二借阅区/ [索取号:I253.4/1117:2] 在馆    
3 1176823   211768238   第二借阅区/ [索取号:I253.4/1117:2] 在馆    
4 1176824   211768247   第二借阅区/ [索取号:I253.4/1117:2] 在馆    
5 1176825   211768256   第二借阅区/ [索取号:I253.4/1117:2] 在馆    
唐山师范学院图书馆 欢迎您!
大连网信软件有限公司© 版权所有